Estructura del mesodermo de las actinias / (Record no. 138185)

MARC details
000 -LEADER
campo de control de longitud fija 00640nam a2200193 4500
001 - NÚMERO DE CONTROL
campo de control 138185
003 - IDENTIFICADOR DE NÚMERO DE CONTROL
campo de control ES-MaACL
005 - FECHA Y HORA DE LA ÚLTIMA TRANSACCIÓN
campo de control 20230906195523.0
007 - CAMPO FIJO DE DESCRIPCIÓN FÍSICA--INFORMACIÓN GENERAL
campo de control de longitud fija t|
008 - DATOS DE LONGITUD FIJA--INFORMACIÓN GENERAL
campo de control de longitud fija 070214q1918 sp r ||||1| spa d
080 ## - NÚMERO DE LA CLASIFICACIÓN DECIMAL UNIVERSAL
Número de la Clasificación Decimal Universal 593.65
100 1# - ENTRADA PRINCIPAL--NOMBRE DE PERSONA
Nombre de persona Sánchez y Sánchez, Manuel.
9 (RLIN) 102996
245 10 - MENCIÓN DEL TÍTULO
Título Estructura del mesodermo de las actinias /
Mención de responsabilidad, etc. Manuel Sánchez y Sánchez.
260 ## - PUBLICACIÓN, DISTRIBUCIÓN, ETC.
Lugar de publicación, distribución, etc. [S. l. :
Nombre del editor, distribuidor, etc. s. n.,
Fecha de publicación, distribución, etc. 19__?]
500 ## - NOTA GENERAL
Nota general Publicado en: Boletín de la Sociedad Española de Biología, año VIII, mayo-junio 1918.
650 #4 - PUNTO DE ACCESO ADICIONAL DE MATERIA--TÉRMINO DE MATERIA
Término de materia o nombre geográfico como elemento de entrada Anémonas de mar.
9 (RLIN) 142442
710 2# - ENTRADA AGREGADA--NOMBRE DE ENTIDAD CORPORATIVA
Nombre de entidad corporativa o nombre de jurisdicción como elemento de entrada Sociedad Española de Biología.
9 (RLIN) 6711
852 ## - LOCALIZACIÓN
Ubicación ES-MaACL
Número de control de estantería 1525-F-1
Holdings
Estatus retirado Estado de pérdida Estado de daño No para préstamo Colección Biblioteca de origen Biblioteca actual Ubicación en estantería Fecha de adquisición Fuente de adquisición Total de préstamos Signatura topográfica completa Código de barras Visto por última vez Precio de reemplazo Tipo de ítem Koha
        Colección de folletos Biblioteca del Ateneo de Madrid Biblioteca del Ateneo de Madrid Depósito folletos 17/01/2008     1525-F-1 1143791 23/02/2023 23/02/2023 Folleto